[Event "Olympiad-36"]
[Site "Mallorca"]
[Date "2004.10.27"]
[Round "12"]
[White "Rohl Montes, Juan Armando"]
[Black "Moldobaev, Emelbek"]
[Result "1/2-1/2"]
[WhiteElo "2401"]
[BlackElo "2388"]
[PlyCount "66"]
[EventDate "2004.10.15"]
[EventType "team-swiss"]
[EventRounds "14"]
[EventCountry "ESP"]
[SourceTitle "CBM 104"]
[Source "ChessBase"]
[SourceDate "2005.01.27"]
[SourceVersion "1"]
[SourceVersionDate "2005.01.27"]
[SourceQuality "1"]
[WhiteTeam "Venezuela"]
[BlackTeam "Kyrgyzstan"]
[WhiteTeamCountry "VEN"]
[BlackTeamCountry "KGZ"]

1. e4 e5 2. Nf3 Nc6 3. Bc4 Bc5 4. c3 Nf6 5. d3 d6 6. Nbd2 a6 7. Bb3 0-0 8. Nf1 Be6 9. Ng3 d5 10. Qe2 h6 11. h3 Re8 12. 0-0 Qd7 13. Be3 Bxe3 14. Qxe3 dxe4 15. dxe4 Bxb3 16. axb3 Rad8 17. b4 Qd3 18. Qxd3 Rxd3 19. Rfd1 Red8 20. Rxd3 Rxd3 21. Kf1 Kf8 22. Ke2 Rd8 23. Nd2 g6 24. Ngf1 Nh5 25. g3 Ng7 26. Nb3 Ne6 27. Nfd2 h5 28. h4 f6 29. Nc4 Rd7 30. Nc5 Nxc5 31. bxc5 Kf7 32. b4 Ke6 33. Ke3 Ke7 1/2-1/2

[Event "Olympiad-36"]
[Site "Mallorca"]
[Date "2004.10.24"]
[Round "9"]
[White "Moldobaev, Emelbek"]
[Black "Rogers, Ian"]
[Result "0-1"]
[WhiteElo "2388"]
[BlackElo "2593"]
[PlyCount "70"]
[EventDate "2004.10.15"]
[EventType "team-swiss"]
[EventRounds "14"]
[EventCountry "ESP"]
[SourceTitle "CBM 104"]
[Source "ChessBase"]
[SourceDate "2005.01.27"]
[SourceVersion "1"]
[SourceVersionDate "2005.01.27"]
[SourceQuality "1"]
[WhiteTeam "Kyrgyzstan"]
[BlackTeam "Australia"]
[WhiteTeamCountry "KGZ"]
[BlackTeamCountry "AUS"]

1. Nf3 g6 2. d4 Nf6 3. c4 Bg7 4. g3 d5 5. cxd5 Nxd5 6. Bg2 Nb6 7. Nc3 Nc6 8. e3 e5 9. d5 Ne7 10. e4 c6 11. 0-0 cxd5 12. exd5 0-0 13. Ne1 Nf5 14. Nd3 Re8 15. Re1 Nc4 16. b3 Ncd6 17. Bb2 Bd7 18. Ne4 Bb5 19. Nc3 Bxd3 20. Qxd3 Rc8 21. Rac1 Qa5 22. Ba1 a6 23. Kh1 h5 24. h3 Kh7 25. g4 hxg4 26. hxg4 Nd4 27. Bb2 Kg8 28. Qg3 Bh6 29. g5 Bg7 30. Qg4 Rcd8 31. Red1 N4f5 32. Rc2 Rc8 33. Rdc1 e4 34. Qd1 e3 35. Qd3 exf2 0-1

[Event "Olympiad-36"]
[Site "Mallorca"]
[Date "2004.10.15"]
[Round "1"]
[White "Ramirez Alvarez, Alejandro"]
[Black "Moldobaev, Emelbek"]
[Result "1-0"]
[WhiteElo "2519"]
[BlackElo "2388"]
[PlyCount "125"]
[EventDate "2004.10.15"]
[EventType "team-swiss"]
[EventRounds "14"]
[EventCountry "ESP"]
[SourceTitle "CBM 104"]
[Source "ChessBase"]
[SourceDate "2005.01.27"]
[SourceVersion "1"]
[SourceVersionDate "2005.01.27"]
[SourceQuality "1"]
[WhiteTeam "Costa Rica"]
[BlackTeam "Kyrgyzstan"]
[WhiteTeamCountry "CRI"]
[BlackTeamCountry "KGZ"]

1. d4 Nf6 2. c4 e6 3. Nc3 Bb4 4. e3 0-0 5. Bd3 d5 6. Nf3 c5 7. 0-0 dxc4 8. Bxc4 Nbd7 9. Qb3 b6 10. d5 exd5 11. Nxd5 Ba5 12. Rd1 Ne4 13. Nf4 Qe7 14. Nd5 Qd8 15. Bb5 Rb8 16. Qd3 Nd6 17. Bxd7 Qxd7 18. Ne5 Qe8 19. Nc6 Rb7 20. Nde7+ Kh8 21. Nxc8 Nxc8 22. Nxa5 bxa5 23. Rb1 Nb6 24. Bd2 a4 25. Bc3 f6 26. Qf5 Qe7 27. Rd3 h6 28. h3 Rc7 29. Rbd1 Qe8 30. Qf4 Qf7 31. Rd8 Rc8 32. Rxf8+ Rxf8 33. Qd6 Rc8 34. a3 Kg8 35. e4 Re8 36. Re1 Rc8 37. e5 fxe5 38. Rxe5 Nc4 39. Qe6 Qxe6 40. Rxe6 Rc7 41. Re4 Nb6 42. f4 Kf7 43. Kf2 Rd7 44. Ke2 h5 45. g4 hxg4 46. hxg4 g6 47. Kf3 Rd3+ 48. Re3 Rd1 49. Re1 Rd3+ 50. Ke4 Rg3 51. Rh1 Nd7 52. Rh7+ Ke6 53. g5 c4 54. Rg7 Nc5+ 55. Kd4 Nb3+ 56. Kxc4 Kf5 57. Rxa7 Rg4 58. Rxa4 Nc1 59. Bd2 Ne2 60. Kd3 Ng3 61. Ra5+ Ke6 62. Ra6+ Kd5 63. Rxg6 1-0

[Event "Internet Section 08A g/8'+2\""]
[Site "Dos Hermanas"]
[Date "2004.03.08"]
[Round "6"]
[White "Guseinov, Gadir"]
[Black "Moldobaev, Emelbek"]
[Result "1-0"]
[WhiteElo "2571"]
[BlackElo "2388"]
[PlyCount "39"]
[EventDate "2004.03.08"]
[EventType "swiss (blitz)"]
[EventRounds "9"]
[EventCountry "ESP"]
[SourceTitle "CBM 099 Extra"]
[Source "ChessBase"]
[SourceDate "2004.05.04"]
[SourceVersion "1"]
[SourceVersionDate "2004.05.04"]
[SourceQuality "1"]

1. e4 c5 2. Nf3 e6 3. Nc3 a6 4. d4 cxd4 5. Nxd4 b5 6. Be2 Bb7 7. Bf3 Qc7 8. 0-0 b4 9. Na4 Nf6 10. Re1 d5 11. exd5 Nxd5 12. Nxe6 fxe6 13. Bxd5 Bxd5 14. Qxd5 Ra7 15. Rxe6+ Be7 16. Bg5 Nc6 17. Rxc6 Qd6 18. Rxd6 Bf8 19. Re1+ Re7 20. Rd8# 1-0

[Event "Internet Section 07A g/8'+2\""]
[Site "Dos Hermanas"]
[Date "2004.03.07"]
[Round "4"]
[White "Winkels, Marcel"]
[Black "Moldobaev, Emelbek"]
[Result "0-1"]
[WhiteElo "2104"]
[BlackElo "2388"]
[PlyCount "149"]
[EventDate "2004.03.07"]
[EventType "swiss (blitz)"]
[EventRounds "9"]
[EventCountry "ESP"]
[SourceTitle "CBM 099 Extra"]
[Source "ChessBase"]
[SourceDate "2004.05.04"]
[SourceVersion "1"]
[SourceVersionDate "2004.05.04"]
[SourceQuality "1"]

1. e4 c6 2. d4 d5 3. exd5 cxd5 4. c4 Nf6 5. Nc3 e6 6. Nf3 Bb4 7. cxd5 Nxd5 8. Bd2 Nc6 9. Bd3 0-0 10. 0-0 Be7 11. a3 Bf6 12. Qe2 Nce7 13. Ne4 Nf5 14. Rad1 Be7 15. Bb1 b6 16. Ne5 Bb7 17. Qd3 g6 18. Rfe1 Nf6 19. Nxf6+ Bxf6 20. Bb4 Re8 21. Ba2 Bd5 22. Bxd5 Qxd5 23. Bc3 Rac8 24. Ng4 Bg7 25. Ne3 Nxe3 26. fxe3 Red8 27. e4 Qc4 28. Re2 Qxd3 29. Rxd3 Rd7 30. Red2 f5 31. exf5 exf5 32. Kf2 Kf7 33. Rd1 Rd5 34. h4 Bf6 35. g3 Ke6 36. Kf3 Kd7 37. Re1 Rc4 38. Ke3 Bg7 39. Rf1 Ke6 40. Rfd1 Rc6 41. Re1 Kd7 42. Kf4 Bf6 43. Kf3 Re6 44. Rxe6 Kxe6 45. Ke3 Be7 46. Rd1 Rd7 47. Kd3 Kd5 48. Re1 Bd6 49. Re3 Re7 50. Rf3 Re4 51. h5 Rg4 52. hxg6 hxg6 53. Ke2 Rxg3 54. Rf1 f4 55. Rh1 g5 56. Rh7 g4 57. Be1 Rg2+ 58. Kf1 Rxb2 59. Rxa7 g3 60. Rd7 g2+ 61. Kg1 Rb1 62. Kxg2 Rxe1 63. Kf3 Re3+ 64. Kf2 Rxa3 65. Rb7 Rb3 66. Ke2 Kxd4 67. Rh7 f3+ 68. Kf2 Bc5 69. Rd7+ Ke4+ 70. Kg3 f2+ 71. Kg2 Rb1 72. Rf7 Rg1+ 73. Kh3 f1Q+ 74. Rxf1 Rxf1 75. Kg2 0-1

[Event "Internet Section 06A g/8'+2\""]
[Site "Dos Hermanas"]
[Date "2004.03.06"]
[Round "3"]
[White "Moldobaev, Emelbek"]
[Black "Fiorucci, Mario Gustavo"]
[Result "1-0"]
[WhiteElo "2388"]
[BlackElo "2176"]
[PlyCount "99"]
[EventDate "2004.03.06"]
[EventType "swiss (blitz)"]
[EventRounds "9"]
[EventCountry "ESP"]
[SourceTitle "CBM 099 Extra"]
[Source "ChessBase"]
[SourceDate "2004.05.04"]
[SourceVersion "1"]
[SourceVersionDate "2004.05.04"]
[SourceQuality "1"]

1. Nf3 d5 2. d4 Bf5 3. c4 e6 4. Nc3 c6 5. Qb3 Qb6 6. c5 Qxb3 7. axb3 Na6 8. Bf4 Nb4 9. Ra4 a5 10. e3 Bc2 11. Ra3 Be4 12. Kd2 f6 13. Bc7 Kd7 14. Rxa5 Rxa5 15. Bxa5 Na6 16. b4 Nh6 17. b5 Nc7 18. bxc6+ bxc6 19. h3 Be7 20. Bd3 Bxd3 21. Kxd3 e5 22. Kc2 exd4 23. exd4 Ne6 24. b4 Nf5 25. Rd1 Ra8 26. Kb3 Nf4 27. g4 Nh6 28. Rh1 Nd3 29. Rh2 Nf7 30. Kc2 Nf4 31. Rh1 Nd8 32. Kd2 Nb7 33. Bb6 Ra3 34. Ne1 Rb3 35. Nc2 Bd8 36. Bxd8 Nxd8 37. h4 Nde6 38. Ra1 Rb2 39. Ra2 Rxa2 40. Nxa2 Ng2 41. h5 Ngf4 42. Nc3 Ng5 43. b5 Ng2 44. b6 Nf3+ 45. Kc1 Nfe1 46. Nb4 Nf4 47. b7 Kc7 48. Nxc6 Nfd3+ 49. Kd2 g6 50. b8Q+ 1-0

[Event "Internet Section 18-A"]
[Site "Dos Hermanas"]
[Date "2003.03.18"]
[Round "3"]
[White "Al Sayed, Mohammed"]
[Black "Moldobaev, Emelbek"]
[Result "1-0"]
[WhiteElo "2431"]
[BlackElo "2404"]
[PlyCount "75"]
[EventDate "2003.03.18"]
[EventType "swiss (blitz)"]
[EventRounds "9"]
[EventCountry "ESP"]
[SourceTitle "EXT 2004"]
[Source "ChessBase"]
[SourceDate "2003.11.25"]
[SourceVersion "1"]
[SourceVersionDate "2003.11.25"]
[SourceQuality "1"]

1. e4 e5 2. Nf3 Nc6 3. Bc4 Bc5 4. c3 Nf6 5. d3 d6 6. Bb3 Be6 7. Nbd2 a6 8. 0-0 Bxb3 9. Qxb3 Rb8 10. h3 0-0 11. Re1 Qd7 12. Nf1 Nh5 13. d4 Ba7 14. Be3 Nf4 15. d5 Na5 16. Qb4 b6 17. Bxf4 exf4 18. Rad1 Rbe8 19. e5 dxe5 20. Rxe5 Rxe5 21. Nxe5 Qf5 22. Qd4 Re8 23. Nf3 Nb7 24. b4 Nd6 25. Re1 Rxe1 26. Nxe1 Qb1 27. Nd3 f3 28. gxf3 Qxa2 29. Ne5 a5 30. Nc6 axb4 31. cxb4 h6 32. Ng3 Nb5 33. Qe5 Qb1+ 34. Kg2 Kh7 35. Ne4 Qd1 36. Qf5+ Kg8 37. Qc8+ Kh7 38. Ne7 1-0

[Event "Internet Section 18-B"]
[Site "Dos Hermanas"]
[Date "2003.03.18"]
[Round "4"]
[White "Hassan, Sayed Barakat"]
[Black "Moldobaev, Emelbek"]
[Result "1-0"]
[WhiteElo "2353"]
[BlackElo "2404"]
[PlyCount "117"]
[EventDate "2003.03.18"]
[EventType "swiss (blitz)"]
[EventRounds "9"]
[EventCountry "ESP"]
[SourceTitle "EXT 2004"]
[Source "ChessBase"]
[SourceDate "2003.11.25"]
[SourceVersion "1"]
[SourceVersionDate "2003.11.25"]
[SourceQuality "1"]

1. d4 Nf6 2. c4 e6 3. Nc3 Bb4 4. Qc2 c5 5. dxc5 0-0 6. a3 Bxc5 7. Nf3 b6 8. Bg5 Bb7 9. e3 Be7 10. Rd1 d6 11. Be2 Nbd7 12. 0-0 a6 13. Bh4 Rc8 14. Bg3 Qc7 15. Rd2 Nc5 16. Rd4 e5 17. Rh4 h6 18. Nd2 Rfd8 19. f4 e4 20. f5 Qd7 21. b4 Nd3 22. Rxe4 Nxe4 23. Ndxe4 Ne5 24. f6 Bf8 25. fxg7 Bxg7 26. Rf4 Qe6 27. Bh4 Ng6 28. Bg4 Qe5 29. Bxd8 Rxd8 30. Rf5 Bxe4 31. Nxe4 Qa1+ 32. Qd1 Qxa3 33. Rf3 Qxb4 34. Bh5 Qxc4 35. Ng3 Ne5 36. Rf4 Qe6 37. Nf5 Kh8 38. h3 b5 39. Kh1 b4 40. Nxg7 Kxg7 41. Rxb4 a5 42. Rf4 Ra8 43. Qa1 Kg8 44. Bf3 Ra7 45. Bg4 Qg6 46. Bf5 Qg3 47. Qd4 Rc7 48. Rf1 Nc4 49. Bd3 Nxe3 50. Rg1 Qe5 51. Qb6 Re7 52. Qd8+ Kg7 53. Qa8 Nd5 54. Qxa5 Nf4 55. Qd2 d5 56. Bb1 d4 57. Qc2 Ne6 58. Qh7+ Kf6 59. Qxh6# 1-0

[Event "Internet Section 16-A"]
[Site "Dos Hermanas"]
[Date "2003.03.16"]
[Round "8"]
[White "Poecksteiner, Johann"]
[Black "Moldobaev, Emelbek"]
[Result "1-0"]
[WhiteElo "2194"]
[BlackElo "2404"]
[PlyCount "133"]
[EventDate "2003.03.16"]
[EventType "swiss (blitz)"]
[EventRounds "9"]
[EventCountry "ESP"]
[SourceTitle "EXT 2004"]
[Source "ChessBase"]
[SourceDate "2003.11.25"]
[SourceVersion "1"]
[SourceVersionDate "2003.11.25"]
[SourceQuality "1"]

1. d4 Nf6 2. c4 c5 3. d5 e6 4. Nc3 exd5 5. cxd5 d6 6. e4 g6 7. f3 Bg7 8. Bg5 h6 9. Be3 0-0 10. Qd2 Re8 11. Nge2 h5 12. Nc1 a6 13. a4 Nbd7 14. Be2 Nh7 15. 0-0 f5 16. Kh1 Ne5 17. a5 Nf6 18. Bg5 Qc7 19. Bh6 fxe4 20. Bxg7 Qxg7 21. fxe4 Bd7 22. Nd3 Nxd3 23. Bxd3 Ng4 24. Be2 Ne5 25. Rf2 Rf8 26. Raf1 Rxf2 27. Rxf2 Rf8 28. Rxf8+ Qxf8 29. Kg1 Qf6 30. Qe3 Kg7 31. h3 h4 32. Nd1 Nf7 33. Qc3 Qxc3 34. Nxc3 Kf6 35. Kf2 g5 36. Ke3 Nh6 37. Nd1 g4 38. hxg4 Bxg4 39. Nf2 Bxe2 40. Kxe2 Nf7 41. Ng4+ Kg5 42. Kf3 c4 43. Nh2 Ne5+ 44. Ke3 c3 45. bxc3 Nc4+ 46. Kd4 Nxa5 47. e5 dxe5+ 48. Kxe5 Nc4+ 49. Kd4 Nd6 50. Ke5 Nf7+ 51. Ke6 Kg6 52. Nf3 a5 53. Nxh4+ Kg7 54. Nf5+ Kf8 55. Nd4 Ke8 56. Nb5 Ng5+ 57. Kf5 Nf7 58. g4 a4 59. g5 Kd7 60. g6 Nd6+ 61. Nxd6 Kxd6 62. g7 a3 63. g8Q a2 64. Qg1 Kxd5 65. Qa1 Kc4 66. Qxa2+ Kxc3 67. Qb1 1-0

[Event "Internet Section 15-A"]
[Site "Dos Hermanas"]
[Date "2003.03.15"]
[Round "9"]
[White "Moldobaev, Emelbek"]
[Black "Bauer, Christian"]
[Result "0-1"]
[WhiteElo "2404"]
[BlackElo "2579"]
[PlyCount "126"]
[EventDate "2003.03.15"]
[EventType "swiss (blitz)"]
[EventRounds "9"]
[EventCountry "ESP"]
[SourceTitle "EXT 2004"]
[Source "ChessBase"]
[SourceDate "2003.11.25"]
[SourceVersion "1"]
[SourceVersionDate "2003.11.25"]
[SourceQuality "1"]

1. d4 e6 2. Nf3 c5 3. g3 cxd4 4. Nxd4 Nf6 5. Bg2 a6 6. 0-0 Qc7 7. e4 d6 8. Qe2 Nc6 9. Nxc6 bxc6 10. b3 Be7 11. Bb2 e5 12. Nd2 0-0 13. f4 a5 14. Kh1 Ba6 15. c4 Rab8 16. Bc3 Nd7 17. f5 f6 18. g4 g5 19. h4 h6 20. Bf3 Kg7 21. Kg2 Rh8 22. Rh1 Qb6 23. Rh3 Rbg8 24. Rah1 Bd8 25. Kf1 Qc5 26. a4 Bb6 27. R3h2 gxh4 28. Rxh4 Rb8 29. R4h2 Ba7 30. Kg2 d5 31. Kg3 dxc4 32. bxc4 Qe3 33. Qxe3 Bxe3 34. Kh3 Bf4 35. Rg2 Nc5 36. Bxa5 Rb2 37. Rb1 Bxd2 38. Rxb2 Bxa5 39. Rg1 Nd3 40. Rb3 Bxc4 41. Rb7+ Bf7 42. Rgb1 Nc5 43. Ra7 Bc3 44. a5 Rd8 45. Be2 Rd4 46. a6 Rxe4 47. Bf1 Ra4 48. Rc7 Ra3 49. Rxc6 e4 50. Kg2 Bd4 51. Bc4 Bxc4 52. Rb8 Rxa6 53. Rc7+ Bf7 54. Rbc8 Ra2+ 55. Kf1 Nd3 56. g5 Rf2+ 57. Kg1 Rxf5+ 58. Kh1 hxg5 59. Rd8 Rf1+ 60. Kg2 Rf2+ 61. Kh1 Bb6 62. Rxd3 Bxc7 63. Rf3 Rxf3 0-1

[Event "Internet Section 14-A"]
[Site "Dos Hermanas"]
[Date "2003.03.14"]
[Round "7"]
[White "Keskinen, Sauli"]
[Black "Moldobaev, Emelbek"]
[Result "0-1"]
[WhiteElo "2230"]
[BlackElo "2404"]
[PlyCount "130"]
[EventDate "2003.03.14"]
[EventType "swiss (blitz)"]
[EventRounds "9"]
[EventCountry "ESP"]
[SourceTitle "EXT 2004"]
[Source "ChessBase"]
[SourceDate "2003.11.25"]
[SourceVersion "1"]
[SourceVersionDate "2003.11.25"]
[SourceQuality "1"]

1. e4 e5 2. Nf3 Nc6 3. d4 exd4 4. c3 dxc3 5. Bc4 d6 6. Nxc3 Nf6 7. Qb3 Qd7 8. Ng5 Ne5 9. Bb5 c6 10. f4 Neg4 11. h3 cxb5 12. hxg4 b4 13. Nd5 b6 14. Be3 Bb7 15. Nxf6+ gxf6 16. Rxh7 Rxh7 17. Nxh7 Bg7 18. f5 0-0-0 19. g5 Bxe4 20. Qc4+ Qc6 21. Rc1 Kb7 22. Qxf7+ Qd7 23. Qxd7+ Rxd7 24. Nxf6 Bxf6 25. gxf6 Bxg2 26. Rc4 a5 27. Rg4 Bd5 28. a3 bxa3 29. bxa3 b5 30. Kf2 Kc6 31. Kg3 Bf7 32. Bd2 Kb6 33. Re4 d5 34. Re7 Rxe7 35. fxe7 b4 36. axb4 a4 37. Kf4 Kb5 38. Ke5 a3 39. Kf6 Be8 40. Ke6 d4 41. Bc1 a2 42. Bb2 d3 43. f6 d2 44. f7 Bxf7+ 45. Kxf7 d1Q 46. e8Q+ Kxb4 47. Qe4+ Kb3 48. Qd4 Qf1+ 49. Qf6 Qc4+ 50. Kg7 Qg4+ 51. Kf7 Qd7+ 52. Kg6 Qd3+ 53. Kf7 Qh7+ 54. Ke6 Qh3+ 55. Kf7 Qh5+ 56. Ke6 Qe2+ 57. Kd6 Qxb2 58. Qf3+ Qc3 59. Qd1+ Kb4 60. Qg4+ Ka3 61. Qc8 Qxc8 62. Kd5 a1Q 63. Ke4 Qe1+ 64. Kd5 Qd7+ 65. Kc4 Qc1# 0-1

[Event "Izmir GP op"]
[Site "Izmir"]
[Date "2002.08.31"]
[Round "4"]
[White "Moldobaev, Emelbek"]
[Black "Izoria, Zviad"]
[Result "1/2-1/2"]
[WhiteElo "2429"]
[BlackElo "2565"]
[PlyCount "54"]
[EventDate "2002.08.28"]
[EventType "swiss"]
[EventRounds "9"]
[EventCountry "TUR"]
[SourceTitle "CBM 090 Extra"]
[Source "ChessBase"]
[SourceDate "2002.11.07"]
[SourceVersion "1"]
[SourceVersionDate "2002.11.07"]
[SourceQuality "1"]

1. Nf3 c5 2. c4 Nc6 3. d4 cxd4 4. Nxd4 Nf6 5. Nc3 e6 6. Bf4 Bb4 7. Ndb5 0-0 8. Bd6 Bxd6 9. Nxd6 Ne8 10. Nxe8 Rxe8 11. e3 d5 12. cxd5 exd5 13. Qxd5 Qh4 14. Be2 Nb4 15. Qd1 Rd8 16. Qb1 Be6 17. a3 Nd5 18. 0-0 Nxc3 19. bxc3 Qg5 20. Bf3 Bd5 21. Bxd5 Qxd5 22. Rd1 Qxd1+ 23. Qxd1 Rxd1+ 24. Rxd1 Rc8 25. g4 g6 26. Rd7 Rxc3 27. Rxb7 Rxa3 1/2-1/2